| Поле | Название | Значение |
| |
Тип записи |
a |
| |
Библиографический уровень |
m |
| 001 |
Контрольный номер |
RU/URAIT/590065 |
| 005 |
Дата корректировки |
20260429163654.1 |
| 008 |
Кодируемые данные |
260429s2026 RU y f j 000 0 rus u |
| 020 |
Индекс ISBN |
__ |
| a |
ISBN |
978-5-534-20942-6 |
| c |
Цена, тираж |
689.00 |
| 040 |
Источник каталогиз. |
__ |
| a |
Служба первич. каталог. |
ИКО Юрайт |
| c |
Служба, преобразующая запись |
ИКО Юрайт |
| e |
Правила каталог. |
RCR |
| 041 |
Код языка издания |
__ |
| a |
Код языка текста |
rus |
| 044 |
Код страны публикации |
__ |
| a |
Код страны публикации |
RU |
| 080 |
Индекс УДК |
__ |
| a |
Индекс УДК |
681.5(075.32) |
| 084 |
Индекс другой классификации/Индекс ББК |
__ |
| 2 |
Источник индекса |
rubbk |
| a |
Индекс другой классификации/Индекс ББК |
32.965я723 |
| 100 |
Автор |
__ |
| a |
Автор |
Латышенко К. П. |
| q |
Полное имя |
Латышенко Константин Павлович |
| 245 |
Заглавие |
__ |
| a |
Заглавие |
Электрические измерения |
| b |
Продолж. заглавия |
учебник для спо |
| c |
Ответственность |
К. П. Латышенко. |
| 250 |
Сведения об издании |
__ |
| g |
|
испр. и доп |
| a |
Основные сведения об издании |
3-е изд. |
| 256 |
Характеристики компьютерного файла |
__ |
| a |
Характеристики компьютерного файла |
Электрон. дан. |
| 260 |
Выходные данные |
__ |
| a |
Место издания |
Москва |
| b |
Издательство |
Юрайт |
| c |
Дата издания |
2026 |
| 300 |
Физическое описание |
__ |
| a |
Объем |
124 с |
| 440 |
Серия |
__ |
| a |
Серия |
Профессиональное образование |
| 500 |
Примечания |
__ |
| a |
Примечание |
URL: https://urait.ru/bcode/590065 (дата обращения: 29.04.2026). |
| 520 |
Аннотация |
__ |
| a |
Аннотация |
В учебнике изложены основные понятия метрологии, приведена классификация методов, средств и погрешностей измерений, рассматриваются аналоговые и цифровые вторичные приборы. |
| 538 |
Прим. о системных особенностях |
__ |
| a |
Прим. о системных особенностях |
Режим доступа: Электронно-библиотечная система Юрайт, для авториз. пользователей |
| 653 |
Ключевые слова |
__ |
| a |
Ключевые слова |
Электротехника, электроника, телекоммуникации |
| 653 |
Ключевые слова |
__ |
| a |
Ключевые слова |
Технические науки |
| 653 |
Ключевые слова |
__ |
| a |
Ключевые слова |
Метрология, стандартизация и технические измерения |
| 653 |
Ключевые слова |
__ |
| a |
Ключевые слова |
Технические измерения и приборы |
| 653 |
Ключевые слова |
__ |
| a |
Ключевые слова |
Основы электрорадиоизмерений |
| 653 |
Ключевые слова |
__ |
| a |
Ключевые слова |
Электротехнические измерения |
| 653 |
Ключевые слова |
__ |
| a |
Ключевые слова |
Электрические измерения |
| 653 |
Ключевые слова |
__ |
| a |
Ключевые слова |
Электрорадиоизмерения |
| 653 |
Ключевые слова |
__ |
| a |
Ключевые слова |
Технические измерения |
| 653 |
Ключевые слова |
__ |
| a |
Ключевые слова |
Технические измерения и стандартизация |
| 653 |
Ключевые слова |
__ |
| a |
Ключевые слова |
Электрорадиоизмерения и метрология |
| 653 |
Ключевые слова |
__ |
| a |
Ключевые слова |
Метрология и электрорадиоизмерения |
| 653 |
Ключевые слова |
__ |
| a |
Ключевые слова |
Допуски и технические измерения |
| 653 |
Ключевые слова |
__ |
| a |
Ключевые слова |
Слесарное дело и технические измерения |
| 653 |
Ключевые слова |
__ |
| a |
Ключевые слова |
Электроизмерения |
| 653 |
Ключевые слова |
__ |
| a |
Ключевые слова |
Средства и методы измерения |
| 653 |
Ключевые слова |
__ |
| a |
Ключевые слова |
Основы взаимозаменяемости, стандартизации, метрологии и технические измерения |
| 653 |
Ключевые слова |
__ |
| a |
Ключевые слова |
Метрология и технические измерения |
| 653 |
Ключевые слова |
__ |
| a |
Ключевые слова |
Технические средства измерений |
| 653 |
Ключевые слова |
__ |
| a |
Ключевые слова |
Допуски, посадки и технические измерения |
| 653 |
Ключевые слова |
__ |
| a |
Ключевые слова |
Основы стандартизации и технические измерения |
| 653 |
Ключевые слова |
__ |
| a |
Ключевые слова |
Монтаж и наладка средств измерений |
| 653 |
Ключевые слова |
__ |
| a |
Ключевые слова |
Допуск и технические измерения |
| 653 |
Ключевые слова |
__ |
| a |
Ключевые слова |
Автоматизация измерений |
| 653 |
Ключевые слова |
__ |
| a |
Ключевые слова |
Основы метрологии и технических измерений |
| 653 |
Ключевые слова |
__ |
| a |
Ключевые слова |
Основы технических измерений |
| 653 |
Ключевые слова |
__ |
| a |
Ключевые слова |
Метрология и электрические измерения |
| 653 |
Ключевые слова |
__ |
| a |
Ключевые слова |
Основы электроизмерений |
| 653 |
Ключевые слова |
__ |
| a |
Ключевые слова |
Стандартизация, метрология и технические измерения |
| 653 |
Ключевые слова |
__ |
| a |
Ключевые слова |
Метрология и электроизмерения |
| 653 |
Ключевые слова |
__ |
| a |
Ключевые слова |
Средства и методы измерений |
| 653 |
Ключевые слова |
__ |
| a |
Ключевые слова |
Электрические измерения и основы метрологии |
| 653 |
Ключевые слова |
__ |
| a |
Ключевые слова |
Основы метрологии и электрорадиоизмерений |
| 653 |
Ключевые слова |
__ |
| a |
Ключевые слова |
Метрология и электротехнические изменения |
| 653 |
Ключевые слова |
__ |
| a |
Ключевые слова |
Средства измерения |
| 653 |
Ключевые слова |
__ |
| a |
Ключевые слова |
Метрология и электротехнические измерения |
| 856 |
Электронный адрес документа |
40 |
| n |
Местонахождение сервера |
Юрайт |
| g |
|
Электронная книга |
| q |
Тип электронного формата |
html |
| h |
Имя пользователя |
ЮРАЙТ |
| v |
Часы доступа к ресурсу |
20271231 |
| 2 |
Способ доступа |
Показать документ |
| x |
Служебное примечание |
https://urait.ru/book/cover/B5B88D32-2483-4ABC-BCA6-4BC076FF76B6 |
| u |
URL |
https://urait.ru/bcode/590065 |
| 856 |
Электронный адрес документа |
48 |
| q |
Тип электронного формата |
cover |
| u |
URL |
https://urait.ru/book/cover/B5B88D32-2483-4ABC-BCA6-4BC076FF76B6 |
| 911 |
|
__ |
| u |
|
0030=https://urait.ru/bcode/590065 |
| 911 |
|
__ |
| u |
|
073a=9785534209426 |
| u |
|
073d=689.00 |
| 911 |
|
__ |
| u |
|
106a=s |
| 911 |
|
__ |
| u |
|
900l= |
| 952 |
Тип литературы |
__ |
| i |
Дисциплина |
Метрология, стандартизация и технические измерения |
| 952 |
Тип литературы |
__ |
| i |
Дисциплина |
Технические измерения и приборы |
| 952 |
Тип литературы |
__ |
| i |
Дисциплина |
Основы электрорадиоизмерений |
| 952 |
Тип литературы |
__ |
| i |
Дисциплина |
Электротехнические измерения |
| 952 |
Тип литературы |
__ |
| i |
Дисциплина |
Электрические измерения |
| 952 |
Тип литературы |
__ |
| i |
Дисциплина |
Электрорадиоизмерения |
| 952 |
Тип литературы |
__ |
| i |
Дисциплина |
Технические измерения |
| 952 |
Тип литературы |
__ |
| i |
Дисциплина |
Технические измерения и стандартизация |
| 952 |
Тип литературы |
__ |
| i |
Дисциплина |
Электрорадиоизмерения и метрология |
| 952 |
Тип литературы |
__ |
| i |
Дисциплина |
Метрология и электрорадиоизмерения |
| 952 |
Тип литературы |
__ |
| i |
Дисциплина |
Допуски и технические измерения |
| 952 |
Тип литературы |
__ |
| i |
Дисциплина |
Слесарное дело и технические измерения |
| 952 |
Тип литературы |
__ |
| i |
Дисциплина |
Электроизмерения |
| 952 |
Тип литературы |
__ |
| i |
Дисциплина |
Средства и методы измерения |
| 952 |
Тип литературы |
__ |
| i |
Дисциплина |
Основы взаимозаменяемости, стандартизации, метрологии и технические измерения |
| 952 |
Тип литературы |
__ |
| i |
Дисциплина |
Метрология и технические измерения |
| 952 |
Тип литературы |
__ |
| i |
Дисциплина |
Технические средства измерений |
| 952 |
Тип литературы |
__ |
| i |
Дисциплина |
Допуски, посадки и технические измерения |
| 952 |
Тип литературы |
__ |
| i |
Дисциплина |
Основы стандартизации и технические измерения |
| 952 |
Тип литературы |
__ |
| i |
Дисциплина |
Монтаж и наладка средств измерений |
| 952 |
Тип литературы |
__ |
| i |
Дисциплина |
Допуск и технические измерения |
| 952 |
Тип литературы |
__ |
| i |
Дисциплина |
Автоматизация измерений |
| 952 |
Тип литературы |
__ |
| i |
Дисциплина |
Основы метрологии и технических измерений |
| 952 |
Тип литературы |
__ |
| i |
Дисциплина |
Основы технических измерений |
| 952 |
Тип литературы |
__ |
| i |
Дисциплина |
Метрология и электрические измерения |
| 952 |
Тип литературы |
__ |
| i |
Дисциплина |
Основы электроизмерений |
| 952 |
Тип литературы |
__ |
| i |
Дисциплина |
Стандартизация, метрология и технические измерения |
| 952 |
Тип литературы |
__ |
| i |
Дисциплина |
Метрология и электроизмерения |
| 952 |
Тип литературы |
__ |
| i |
Дисциплина |
Средства и методы измерений |
| 952 |
Тип литературы |
__ |
| i |
Дисциплина |
Электрические измерения и основы метрологии |
| 952 |
Тип литературы |
__ |
| i |
Дисциплина |
Основы метрологии и электрорадиоизмерений |
| 952 |
Тип литературы |
__ |
| i |
Дисциплина |
Метрология и электротехнические изменения |
| 952 |
Тип литературы |
__ |
| i |
Дисциплина |
Средства измерения |
| 952 |
Тип литературы |
__ |
| i |
Дисциплина |
Метрология и электротехнические измерения |